Countries with the Most Twitter Users - Statistics

General Stats
  • This quiz has been taken 34 times
  • The average score is 8 of 10
Answer Stats
# (millions) Answer % Correct
72.3 United States
100%
18.6 United Kingdom
91%
50.9 Japan
88%
10.1 Brazil
84%
7.6 France
84%
10.1 India
78%
9.1 Mexico
78%
8.3 Spain
75%
10.8 Turkey
69%
13.8 Saudi Arabia
34%
No matching quizzes found
Score Distribution
Percent of People with Each Score
Percentile by Number Answered
Your Score History
You have not taken this quiz